01517nam a2200373 a 4500001001200000003000800012006001900020007001500039008004100054010001700095020004100112020002700153040002100180035002100201041001300222043001200235050002600247082001600273100002100289245007700310260004500387300005200432490006400484504005100548533015200599546004000751650005500791650006100846651004700907655002900954710001700983856012601000999001701126ebr10554704CaPaEBRm u cr cn|||||||||101130s2011 gw af sb 001 0 eng d z 2010048952 z9783110222210 (hardcover alk. paper) z9783110222227 (e-book) aCaPaEBRcCaPaEBR a(OCoLC)7944914600 aengager aa-tu---14aDR701.O53bS73 2011eb04a939/.352221 aSpanu, Marcello.14aThe theatre of Diokaisareiah[electronic resource] /cby Marcello Spanu. aBerlin ;aNew York :bDe Gruyter,c2011. ax, 134 p., 71 p. of plates :bill. (some col.).0 aDiokaisareia in Kilikien : ergebnisse des Surveys 2001-2006 aIncludes bibliographical references and index. aElectronic reproduction.bPalo Alto, Calif. :cebrary,d2011.nAvailable via World Wide Web.nAccess may be limited to ebrary affiliated libraries. aIn English with foreword in German. 0aArchitecture, RomanzTurkeyzOlbasa (Extinct city) 0aExcavations (Archaeology)zTurkeyzOlbasa (Extinct city) 0aOlbasa (Extinct city)xAntiquities, Roman. 7aElectronic books.2local2 aebrary, Inc.40uhttp://site.ebrary.com/lib/rucke/Doc?id=10554704zAn electronic book accessible through the World Wide Web; click to view c91414d91414